| 000 | 00536nam a2200205 a 4500 | ||
|---|---|---|---|
| 001 | BRCA_5902 | ||
| 005 | 20190320205245.0 | ||
| 008 | 170311s1912----gw-#######---#000-0#ger-# | ||
| 041 | _ager | ||
| 044 | _agw | ||
| 050 | 4 |
_aPZ4 _b.D65 _c1912 |
|
| 245 | 1 | 0 |
_aDolphins Gespielin und andere ErzÀhlungen. _cKarl, Anzengruber. |
| 260 |
_aLeipzig _bOscar Brandstetter. _c1912 |
||
| 300 |
_a127 p. _c17 cm. |
||
| 500 | _aH143 | ||
| 650 | 1 | 4 |
_aCuentos LĂșdicos _914925 |
| 650 | 1 | 4 |
_aCuentos infantiles _914926 |
| 902 | _aGFM | ||
| 942 |
_2lcc _cB |
||
| 999 |
_c5591 _d5591 |
||